Altitudinal transect study of the vegetation on Mount kinabalu, Borneo (Registro nro. 9842)

Detalles MARC
000 -CABECERA
Campo de control 005090000a22001690004500
090 ## - CLASIFICACIÓN LOCAL
Colección AR
Consecutivo 00751
041 0# - IDIOMA
Código de idioma para texto/pista de sonido o título separado
100 1# - ASIENTO PRINCIPAL--NOMBRE PERSONAL
Nombre personal Kitayama, K.
245 10 - MENCION DE TITULO
Título Altitudinal transect study of the vegetation on Mount kinabalu, Borneo
650 14 - ASIENTO SECUNDARIO DE MATERIA - TERMINO TEMATICO
Término temático o nombre geográfico como elemento de entrada Distribución altitudinal
650 14 - ASIENTO SECUNDARIO DE MATERIA - TERMINO TEMATICO
Término temático o nombre geográfico como elemento de entrada Edafología
650 14 - ASIENTO SECUNDARIO DE MATERIA - TERMINO TEMATICO
Término temático o nombre geográfico como elemento de entrada Gradientes altitudinales
650 14 - ASIENTO SECUNDARIO DE MATERIA - TERMINO TEMATICO
Término temático o nombre geográfico como elemento de entrada Bosques
651 #4 - ASIENTO SECUNDARIO DE MATERIA - NOMBRE GEOGRAFICO
-- Kinabalu
-- Borneo
773 1# - Item fuente:
Título Vegetario
Especificación de materiales 286
Descripción física 102
Paginas del Articulo 149-171
Lugar, editorial y fecha de publicación 1992
Información sobre la relación 102
942 ## - ELEMENTOS ADICIONALES (KOHA)
Tipo de ítem Artículo
Existencias
Withdrawn status Lost status Damaged status No para préstamo Colección Ubicación Permanente Ubicación actual Fecha de adquisición Fuente de Valor Datos de publicación Seriada Total Checkouts Número topográfico Inventario / Código de Barras Date last seen Ejemplar Price effective from Forma de adquisición Tipo de material
      No para Préstamo Hemeroteca Bogotá Bogotá 27/02/2015 Instituto de Ciencias Naturales Fuera de circulación   AR 00751 011072 25/03/2015 1 25/03/2015   Artículo